| 000 | 00806nas a2200229 a 4500 | ||
|---|---|---|---|
| 005 | 20170420112707.0 | ||
| 008 | 920518c19569999mx qr p r f0 0b0spa d | ||
| 040 |
_ahm _chm _dCO-BoIAVH |
||
| 041 | 0 | _aspa | |
| 044 | _amx | ||
| 090 | _aSE- | ||
| 245 | 0 | 0 | _aAnales de la Escuela Nacional de Ciencias Biológicas. |
| 260 |
_aMéxico : _bInstituto Politécnico Nacional, Escuela Nacional de Ciencias Biológicas, _c1956- . |
||
| 300 |
_bilustraciones ; _c27 x 20 cm. |
||
| 310 | _au | ||
| 321 | _au | ||
| 504 | _aIncluye referencias bibliográficas. | ||
| 650 | 2 | 6 |
_aBiología _zMéxico _vPublicaciones periódicas |
| 651 |
_aMéxico _vPublicaciones periódicas |
||
| 710 | 2 |
_aInstituto Politécnico Nacional _bEscuela Nacional de Ciencias Biológicas |
|
| 942 |
_2z _cREVISTA _s1 |
||
| 999 |
_c19467 _d19467 |
||